书目信息 |
| 题名: |
新概念英语国际音标与语音语调教练
|
|
| 作者: | 陈冬 编著 | |
| 分册: | ||
| 出版信息: | 北京 中国水利水电出版社 2009.02 |
|
| 页数: | 205页 | |
| 开本: | 21cm | |
| 丛书名: | 新概念英语(新版)辅导丛书 | |
| 单 册: | ||
| 中图分类: | H311 | |
| 科图分类: | ||
| 主题词: | 英语--ying yu--国际音标--自学参考资料 | |
| 电子资源: | ||
| ISBN: | 978-7-5084-4411-6 | |
| 000 | 01040nam 2200265 450 | |
| 001 | 012009762968 | |
| 005 | 20091128164932.14 | |
| 010 | @a978-7-5084-4411-6@dCNY18.00 (含光盘) | |
| 010 | @a978-7-88714-176-7@b光盘 | |
| 100 | @a20091128d2009 em y0chiy0120 ea | |
| 101 | 0 | @achi@aeng |
| 102 | @aCN@b110000 | |
| 105 | @aa z 000yy | |
| 106 | @ar | |
| 200 | 1 | @a新概念英语国际音标与语音语调教练@Axin gai nian ying yu guo ji yin biao yu yu yin yu diao jiao lian@f陈冬等编著@Fchen dong deng bian zhu |
| 210 | @a北京@c中国水利水电出版社@d2009.02 | |
| 215 | @a205页@c图@d21cm@e光盘1片 | |
| 225 | 0 | @a新概念英语(新版)辅导丛书@Axin gai nian ying yu(xin ban)fu dao cong shu |
| 330 | @a本书针对中国英语学习者开口难、发音不标准的特点量身定做,目的在于帮助他们克服母语发音的干扰,在短时间内提高学习者的整体语音水平。 | |
| 410 | 0 | @12001 @a新概念英语新版辅导丛书 |
| 606 | 0 | @a英语@Aying yu@x国际音标@j自学参考资料 |
| 690 | @aH311@v4 | |
| 701 | 0 | @a陈冬@Achen dong@4编著 |
| 801 | 0 | @aCN@bQSSK@c20091128 |
| 905 | @b767811-15@dH311@eC392@f5 | |
| 新概念英语国际音标与语音语调教练/陈冬等编著.-北京:中国水利水电出版社,2009.02 |
| 205页:图;21cm+光盘1片.-(新概念英语(新版)辅导丛书) |
| ISBN 978-7-5084-4411-6:CNY18.00 (含光盘) |
| 本书针对中国英语学习者开口难、发音不标准的特点量身定做,目的在于帮助他们克服母语发音的干扰,在短时间内提高学习者的整体语音水平。 |
| ● |
| 相关链接 |
|
|
|
正题名:新概念英语国际音标与语音语调教练
索取号:H311/C392
 
预约/预借
| 序号 | 登录号 | 条形码 | 馆藏地/架位号 | 状态 | 备注 |
| 1 | 767811 | 207678119 | 语言库209/209语言库 101排8列3层/ [索取号:H311/C392] | 在馆 | |
| 2 | 767812 | 207678128 | 语言库209/209语言库 101排5列5层/ [索取号:H311/C392] | 在馆 | |
| 3 | 767813 | 207678137 | 语言库209/209语言库 101排5列5层/ [索取号:H311/C392] | 在馆 | |
| 4 | 767814 | 207678146 | 语言库209/ [索取号:H311/C392] | 在馆 | |
| 5 | 767815 | 207678155 | 语言库209/209语言库 101排5列5层/ [索取号:H311/C392] | 在馆 |